000 00430nam a2200157Ia 4500
008 240729s9999 xx 000 0 und d
022 _a2256-2958
245 0 _aRevista Colombiana de Ciencias Pecuarias
260 _aColombia
260 _bUniversidad de Antioquia
650 _a Animal culture
650 _aAgriculture
856 _uhttps://doaj.org/toc/2e411ea214a84bf4b19df16dffd93881
942 _2ddc
942 _cDOAJEJ
999 _c72287
_d72287
945 _a1
_bMadushi Gamage
_c1
_dMadushi Gamage